Quiz sur PNL - Statistiques

Statistiques générales
  • Ce quiz a été pris 4 779 fois
  • Le résultat moyen est 17 sur 25
Statistiques - réponses
Hint Réponse % Correct
Signification de ''PNL'' Peace N’ Lovés
95%
Organe humain utilisé comme logo par le groupe Cœur
90%
Monument français sur lequel PNL posent dans le clip de ''Au DD'' Tour Eiffel
87%
Album Deux frères
86%
Prénom Nabil
85%
Prénom Tarik
85%
Animal présent dans le clip de ''DA'' Chimpanzé
84%
Album Dans la légende
82%
Album Le Monde Chico
80%
''On a grandi comme les princes de la ???, fous comme Prince de Bel-Air'' ville
80%
Nom du premier EP du groupe Que la famille
79%
''Oh, non mais oh, elle m'a pris pour qui, pour ??? ?'' Roméo
78%
''Ce pauvre est si moche j'le trouve beau T'façon la ??? est si belle, khey, hey'' misère
72%
Nom de famille des deux frères Andrieu
67%
Ville d'origine Corbeil-Essonnes
67%
''J'viens faire mon beurre, mer de ???, j'fais des longueurs'' billets
66%
Groupe ayant récemment collaboré avec les membres de PNL sur plusieurs morceaux DTF
64%
Rappeur américain qui aurait proposé à PNL de remixer le morceau ci-dessus Drake
61%
Clip dans lequel on peut apercevoir une hyène et un vautour A l'Ammoniaque
56%
''J'crame une g*inz au milieu d'Etosha J'fais le tour de la plaine avec ???'' Epona
53%
Nom du genre de rap popularisé en France par PNL Cloud Rap
51%
Nom du troisième épisode de la série de vidéo sortie avec leur second album Bené
50%
La performance de PNL lors de ce festival a été annulée à cause du casier judiciaire d'Ademo Coachella
27%
Nom de la première mixtape solo de N.O.S. Calmement
26%
Nom de la série de mixtapes d'Ademo Le Son des Halls
10%
Aucun quiz correspondant
Distribution des résultats
% des personnes avec chaque résultat
Percentile par nombre de réponses
Votre historique - résultats
Vous n’avez pas pris ce quiz